Química de alimentos, manual de laboratorio
| Main Author: | |
|---|---|
| Format: | Section = Libro |
| Language: | Undetermined Spanish |
| Published: |
México
Limusa
2003
|
| Subjects: |
| LEADER | 00706nam a2200265Ia 4500 | ||
|---|---|---|---|
| 008 | 240830s9999 xx 000 0 und d | ||
| 020 | |a 968-18-5845-X | ||
| 040 | |a CEDOC FIQ-RUSB / 664 M647 | ||
| 041 | |a spa | ||
| 082 | |a 664 M647 | ||
| 100 | 1 | |a Miller, Dennis D. | |
| 245 | 1 | 0 | |a Química de alimentos, manual de laboratorio |
| 260 | |a México |b Limusa |c 2003 | ||
| 300 | |a 173 p. :il | ||
| 650 | 7 | |a TECNOLOGIA DE ALIMENTOS | |
| 650 | 7 | |b PRODUCTOS QUIMICOS - LEUDANTES | |
| 650 | 7 | |c PROPIEDADES DE LOS AZUCARES | |
| 650 | 7 | |d LACTOSA | |
| 650 | 7 | |e ACIDOS | |
| 650 | 7 | |f CROMATOGRAFIA | |
| 650 | 7 | |g ADITIVOS COLORANTES | |
| 650 | 7 | |h ABLANDADORES. | |
| 942 | |c BK |2 ddc | ||
| 991 | |a TEXTO | ||
| 999 | |c 14132 | ||